|
|
|
|
| LEADER |
01231nam a2200325 a 4500 |
| 001 |
000582600 |
| 003 |
CZ BrMZK |
| 005 |
20090217150735.0 |
| 007 |
ta |
| 008 |
020104s2001 xr g f cze d |
| 015 |
|
|
|a cnb000890426
|
| 020 |
|
|
|a 80-7281-057-X
|
| 035 |
|
|
|a (OCoLC)51188524
|
| 040 |
|
|
|a BOA001
|b cze
|
| 041 |
1 |
|
|a cze
|h ita
|
| 072 |
|
7 |
|a 821.131.1-3
|x Italská próza
|2 Konspekt
|9 25
|
| 080 |
|
|
|a 821.131.1-31
|2 MRF
|
| 080 |
|
|
|a (0:82-31)
|2 MRF
|
| 100 |
1 |
|
|a Baricco, Alessandro,
|d 1958-
|7 jo20010083068
|4 aut
|
| 245 |
1 |
0 |
|a Oceán moře /
|c Alessandro Baricco ; [z italského originálu přeložily Miloslava Lázňovská a Alice Flemrová ; doslov Alice Flemrová]
|
| 260 |
|
|
|a Praha :
|b Eminent,
|c c2001
|
| 300 |
|
|
|a 222 s. ;
|c 21 cm
|
| 655 |
|
7 |
|a italské romány
|7 fd132481
|2 czenas
|
| 765 |
0 |
|
|t Oceano mare
|
| 700 |
1 |
|
|a Flemrová, Alice,
|d 1970-
|7 ola2003193663
|4 trl
|4 wfw
|
| 700 |
1 |
|
|a Lázňovská, Miloslava
|7 mzk2003184889
|4 trl
|
| 856 |
4 |
1 |
|u http://www.digitalniknihovna.cz/mzk/uuid/uuid:b92b3da0-a2a1-11e3-b833-005056827e52
|y Digitalizovaný dokument
|x NDK
|
| 910 |
|
|
|a BOA001
|b 2-1097.180
|
| 990 |
|
|
|a BK
|
| 996 |
6 |
|
|b 2610150708
|c 2-1097.180
|l MZK
|r Sklad / do 1 hodiny
|n 7
|p p.v.
|w 000582600
|u 000010
|a 1
|e BOA001
|j MZK50
|s P
|